000 01109nam a2200313Ia 4500
001 Para_9253
003 CHAP
008 220125s2007 xx 000 0 und d
010 _a207992
040 _cCHAP
090 _aTESIS 2050
100 _aVargas Espejel, María Ubalda
_9118000
245 _aDesarrollo, superviviencia y fecundidad de Chrysoperla carnea Stephens y Chrysoperla comanche Banks criadas con huevecillos de Sitotroga cerealella (Olivier) /
_c por María Ubalda Vargas Espejel
260 _aChapingo, Méx. :
_b el autor
300 _a63 h. + apénd.
502 _aTesis M.C. (Esp. Proteccción Vegetal) UACh. Departamento Parasitología Agrícola
650 _aCereales
_x plagas
_921450
650 _aChrysoperla carnea
_922956
650 _aChrysoperla comanche
_9174428
650 _aSitotroga cerealella
_9106791
710 _aUACh. Departamento Parasitología Agrícola
_9164025
901 _aTESIS 2050
902 _aM
905 _a0000002007 mn 0000000000 00
910 _a2007
942 _cPARA
942 _cPARA
_d2
999 _c207992
_d207992